Perestrojka ekonomiki: vzaimosvjaz' vnutrennich i vnešnich aspektov.

Model moderného trhu a jeho mechanizmu. Podstata prechodu od administratívneho systému k trhovej ekonomike. Vytváranie trhu pracovnej sily a trhu spotrebných tovarov. Tvorba riadenia národného hospodárstva indikatívneho typu. Potenciál dlhodobých foriem ekonomickej spolupráce. Zdroje a predpoklady r...

Descripción completa

Guardado en:
Detalles Bibliográficos
Autor principal: Borodajevskij, A.
Formato: Capítulo de libro
Lenguaje:ruso
Materias:
Etiquetas: Agregar Etiqueta
Sin Etiquetas, Sea el primero en etiquetar este registro!

MARC

LEADER 00000naa a2200000 4500
001 r004021
005 20220819194440.5
041 0 |a rus 
044 |a [SU] 
245 1 0 |a Perestrojka ekonomiki: vzaimosvjaz' vnutrennich i vnešnich aspektov.  |c A. Borodajevskij 
520 |a Model moderného trhu a jeho mechanizmu. Podstata prechodu od administratívneho systému k trhovej ekonomike. Vytváranie trhu pracovnej sily a trhu spotrebných tovarov. Tvorba riadenia národného hospodárstva indikatívneho typu. Potenciál dlhodobých foriem ekonomickej spolupráce. Zdroje a predpoklady rozvoja spoločných podnikov. 
610 2 0 |a mechanizmus hospodársky 
610 2 0 |a ZSSR 
610 2 0 |a hospodárstvo trhové 
610 2 0 |a mechanizmus trhový 
610 2 0 |a trh vnútorný 
610 2 0 |a trh práce 
610 2 0 |a plánovanie indikatívne 
610 2 0 |a podnik spoločný 
610 2 0 |a vzťahy hospodárske vonkajšie 
100 1 |a Borodajevskij, A.